000 00627nam a22002177a 4500
005 20260415072642.0
008 260415b |||||||| |||| 00| 0 eng d
020 _a978-1-908435-20-0
082 _aFic. D229 2012
100 _aDashner, James
_9477
245 _aThe death cure /
_cJames Dashner
260 _aSomerset, UK: The Chicken House, c2012
300 _a330p.
490 _aMaze runner; bk. 3
541 _e8000
650 _aScience fiction
_964
650 _aAdventure fiction
_9478
650 _aSurvival - Fiction
_9479
650 _aVirus diseases - Fiction
_9480
650 _aRecovered memory - Fiction
_9481
999 _c2593
_d2593